000 01060nam a2200277 a 4500
001 68704
003 BD-RjUL
005 20211209081812.0
008 170405s1974 ne a b 101 0 eng
020 _a0720445000
020 _a044410660X
_cfl114.40
035 _a(BD-RjUL)68914
035 _a314656
040 _aLC
_beng
_cLC
_dBD-RjUL
041 _aeng
082 0 _a612.015
_223
_bCOM 1974
245 1 0 _aComparative biochemistry and physiology of transport :
_bproceedings of the 1973 meeting of the International Conference on Biological Membranes /
_ceditors, Liana Bolis ... [et al.].
260 _aAmsterdam :
_bNorth-Holland ;
_aNew York :
_bAmerican Elsevier,
_cc1974.
300 _axii, 450 p. :
_bill. ;
_c23 cm.
504 _aIncludes bibliographical references and index.
650 0 _aBiological transport
_vCongresses.
_9203645
650 0 _aMembranes (Biology)
_vCongresses.
_9203646
700 1 _aBolis, Liana.
_9203647
711 _aInternational Conference on Biological Membranes,
_cAquasparta, Italy)
_d(1973 :
_9203648
942 _2ddc
_cBK
999 _c68704
_d68704